General theory of polyconic projections (Record no. 89893)

MARC details
000 -LEADER
fixed length control field 00476cam a2200193 4500
001 - CONTROL NUMBER
control field D42
008 - FIXED-LENGTH DATA ELEMENTS--GENERAL INFORMATION
fixed length control field 090401t1934 xxu||||| |||| 00| 0 eng d
035 ## - SYSTEM CONTROL NUMBER
System control number (Sirsi) u33997
041 ## - LANGUAGE CODE
Language code of text/sound track or separate title eng
050 ## - LIBRARY OF CONGRESS CALL NUMBER
Classification number 526.8
100 ## - MAIN ENTRY--PERSONAL NAME
Personal name Adams, O. S.
245 ## - TITLE STATEMENT
Title General theory of polyconic projections
260 ## - PUBLICATION, DISTRIBUTION, ETC.
Place of publication, distribution, etc. Washington DC
Name of publisher, distributor, etc. Government Printing Office
Date of publication, distribution, etc. 1934
300 ## - PHYSICAL DESCRIPTION
Extent 174p. 21cm
350 ## - PRICE (NR) (BK AM CF MU VM SE) [OBSOLETE]
Price 0
490 ## - SERIES STATEMENT
Series statement Special Publication
Volume/sequential designation 57
942 ## - ADDED ENTRY ELEMENTS (KOHA)
Suppress in OPAC 0
948 ## - LOCAL PROCESSING INFORMATION (OCLC); SERIES PART DESIGNATOR (RLIN)
c (OCLC) 04/03/1997
Holdings
Withdrawn status Lost status Source of classification or shelving scheme Damaged status Not for loan Home library Current library Shelving location Date acquired Total Checkouts Full call number Barcode Date last seen Copy number Price effective from Koha item type
    Dewey Decimal Classification     London London Basement 14/09/1999   SHELF 320 30016656 06/08/2019 1 06/08/2019 Reference material